Historia de las religiones : las religiones constituidas en Asia y sus contracorrientes /

Obra en doce volúmenes en que se examinan, una a una, las religiones antiguas y presentes, en el marco de las condiciones materiales, políticas y sociales de su tiempo; en todos los casos, se procura reconstruir la historia de las religiones en el marco de la historia universal. Plan general de la o...

Popoln opis

Shranjeno v:
Bibliografske podrobnosti
Glavni avtor: Puech, Henry-Charles (dirección)
Drugi avtorji: Cardín, Alberto (traducción) (traducción)
Format: Knjiga
Jezik:španščina
Izdano: México : Siglo XXI, 1981, c1981
Izdaja:2a edición
Serija:(Historia de las Religiones ; 10)
Teme:
Oznake: Označite
Brez oznak, prvi označite!

MARC

LEADER 00000nam^a2200000^a^4500
001 000171383
005 20250521000000.0
009 20260310101341.674
020 |a 968-23-0969-7 
020 |a 968-23-0053-3 
037 |a Acervo ITESO - Biblioteca 
041 |a ESP 
082 |a 200. 9  |b PUE V. 10 
100 |a Puech, Henry-Charles  |e (dirección) 
240 1 1 |a [Historia de las religiones] 
245 1 0 |a Historia de las religiones :  |b las religiones constituidas en Asia y sus contracorrientes /  |c Dir. de H.C. Puech ; tr. por A. Cardín. 
250 |a 2a edición 
264 4 |a México :  |b Siglo XXI,  |c 1981, c1981 
300 |a 325 p. 
336 |a texto  |b txt  |2 rdacontenido 
337 |a sin mediación  |b n  |2 rdamedio 
338 |a volumen  |b nc  |2 rdasoporte 
440 1 |a (Historia de las Religiones ;  |v 10) 
500 |a Traducción de: Histoire des religions. Encylopédie de la Pléiade 
520 |a Obra en doce volúmenes en que se examinan, una a una, las religiones antiguas y presentes, en el marco de las condiciones materiales, políticas y sociales de su tiempo; en todos los casos, se procura reconstruir la historia de las religiones en el marco de la historia universal. Plan general de la obra: v. 1-3: Las religiones antiguas; v. 4: Las religiones en la India y en Extremo Oriente; v. 5-6: Las religiones en el mundo mediterráneo y en Oriente Próximo; v. 7-8: Las religiones constituidas en Occidente y sus contracorrientes; v. 9-10: Las religiones constituidas en Asia y sus contracorrientes; v. 11: Las religiones en los pueblos sin tradición escrita; v. 12: Movimientos religiosos derivados de la aculturación. En el presente volumen se estudian y analizan el budismo en Ceilán, en Asia Suroriental, en Vietnam; religión oficial, religión popular y sociedades secretas en la China posterior a los Han; las sectas religiosas de Vietnam; las religiones de Corea; el sincretismo japonés; el shinto de Estado y las nuevas religiones del Japón. 
649 |a XX 
650 |a Cristianismo -  |x Historia 
650 |a Taoísmo -  |x Historia 
650 |a Confucianismo -  |x Historia 
650 |a Chamanismo -  |x Historia 
650 |a Sintoísmo -  |x Historia 
650 |a Budismo -  |x Historia 
650 |a Filosofías Orientales -  |x Historia y Crítica 
650 |a Religión -  |z Sri Lanka -  |x Historia 
650 |a Religión -  |z Vietnam -  |x Historia 
650 |a Religión -  |z China -  |x Historia 
650 |a Religión -  |z Corea -  |x Historia 
650 |a Religión -  |z Japón -  |x Historia 
650 |a Religión -  |x Historia 
650 |a Sri Lanka -  |x Historia 
650 |a Vietnam -  |x Historia 
650 |a China -  |x Historia -  |y Período Medieval, 907-1644 
650 |a Corea -  |x Historia 
650 |a Japón -  |x Historia -  |y Período Feudal, 1185-1868 
650 |a Historia Universal 
700 |a Cardín, Alberto  |e (traducción) 
910 |a Fondo General 
920 |a Impresos - Libros 
930 |a Colección General 
905 |a 101 
901 |a 0500108631  |b IT1  |c ACC  |u 20250521 
902 |a https://opac.biblio.iteso.mx/vufind/Record/000171383